Statistics for The 30 Greatest Germans

Click here to take the quiz!

General Stats

  • This quiz has been taken 50 times
  • The average score is 13 of 30

Answer Stats

# What they did / were German % Correct
3Writer of the Communist ManifestoKarl Marx
100%
10E = mc²Albert Einstein
98%
2Started the Protestant RefomartionMartin Luther
98%
12Composer of nine symphoniesLudwig van Beethoven
94%
8He invented the printing pressJohannes Gutenberg
91%
20Salzburg-born composer of the Magic FluteWolfgang Amadeus Mozart
87%
6Composer of the Brandenburg ConcertosJohann Sebastian Bach
79%
26Former Formula One driver, now in comaMichael Schumacher
72%
9He unified Germany and became the first ReichskanzlerOtto von Bismarck
64%
7Playwright who wrote FaustJohann Wolfgang von Goethe
62%
13Chancellor during the ReunificationHelmut Kohl
62%
28Discovered X-raysWilhelm Röntgen
49%
5Chancellor who won the Nobel Peace PrizeWilly Brandt
49%
1First Chancellor of West GermanyKonrad Adenauer
40%
21Chancellor (1974-1982)Helmut Schmidt
34%
4Siblings who fought against the Nazis (White Rose)Hans and Sophie Scholl
28%
27Responsible for the Wirtschaftswunder (economic miracle)Ludwig Erhard
26%
18Alsatian humanitarian for the sick in AfricaAlbert Schweitzer
26%
24Wetten, dass...? and Haribo advertisementsThomas Gottschalk
26%
29Presents the TV show "Wer wird Millionär?Günther Jauch
26%
30Modern Talking, DSDSDieter Bohlen
19%
15Participant in the talent show DSDS in 2003Daniel Küblböck
17%
16Inventor of the Z4, the first commercial digital computerKonrad Zuse
15%
23Feminist journalist, EMMAAlice Schwarzer
13%
14Engineer and industrialist, his company is today world-famousRobert Bosch
11%
25Most successful musician in GermanyHerbert Grönemeyer
9%
19Actor, played Franz Joseph I of AustriaKarlheinz Böhm
6%
11Priest who provided social support for young workersAdolph Kolping
6%
17Founder of the Schoenstatt MovementJoseph Kentenich
4%
22Social Democratic politician from the GDRRegine Hildebrandt
2%

Score Distribution

Percentile by Number Answered

Percent of People with Each Score

Your Score History

You have not taken this quiz